• 首页
  • 本馆介绍
  • 公告通知
  • 最新文献
  • 馆藏检索
  • 电子资源
  • 读者导购
  • 参考咨询
  • 我的图书馆
  • 登录
  • 详细信息显示
  • 放入我的书架
  • 预约/预借图书
  • 作者相关作品
  • 分类相关作品
  • 丛书相关作品
  • 出版社相关作品

书目信息

  • 表格格式
  • 工作单格式
  • 卡片格式
书名: Crafting and executing strategy
作者: Arthur A. Thompson, Jr., A.J. Strickland III.
分册号:
分册名:
出版地: Boston, MA :
 
出版社: McGraw-Hill/Irvin
出版时间: 2001.
页数: xxxix, 714, 22 p. :
开本: 26 cm.
丛书名:
中图分类号:
科图分类号:
其他分类号: F21
主题词:
电子资源:
000 01254cam a22003254a 450
001 E0734760535
005 20070707094208.82
008 000607s2001 maua b 001 0 eng
010    @a00044785
020    @a0072319801 (alk. paper).
040    @aDLC@cDLC@dDLC
042    @apcc
050 00 @aHD30.28@b.T525 2001
082 00 @a658.4/012@2 21
090    @aF21
099    @dF21@ex76=12
100 1  @aThompson, Arthur A.,@d1940-
245 10 @aCrafting and executing strategy :@btext and readings / @cArthur A. Thompson, Jr., A.J. Strickland III.
250    @a12th ed.
260    @aBoston, MA :@bMcGraw-Hill/Irvin,@c2001.
300    @axxxix, 714, 22 p. :@bcol. ill. ;@c26 cm.
500    @aRev. ed. of: Crafting and implementing strategy. 10th ed. 1995.
504    @aIncludes bibliographical references and index.
650  0 @aStrategic planning.
650  0 @aBusiness planning.
700 1  @aStrickland, A. J.@q(Alonzo J.)
700 1  @aThompson, Arthur A.,@d1940-@tCrafting and implementing strategy
906    @a7@bcbc@corignew@d1@eocip@f20@gy-gencatlg
925 0  @aacquire@b2 shelf copies@xpolicy default
955    @ato SSCD pc21 06-07-00; se15 06-07-00; to Dewey 06-07-00; aa05 06-08-00; CIP ver. se15 12-13-00; to BCCD 12-13-00
    
    Crafting and executing strategy : : text and readings / / Arthur A. Thompson, Jr., A.J. Strickland III.-12th ed.-Boston, MA : : McGraw-Hill/Irvin, , 2001.
    xxxix, 714, 22 p. : : col. ill. ; ; 26 cm.
    Rev. ed. of: Crafting and implementing strategy. 10th ed. 1995.-Includes bibliographical references and index.
    
    ISBN 0072319801 (alk. paper).
    
●
相关链接 在E读中查询图书 在五车中查询图书 在当当中查询图书 在豆瓣中查询图书


正题名:Crafting and executing strategy     索取号:F21/x76=12         预约/预借

序号 登录号 条形码 馆藏地/架位号 状态 备注
1 12415   300124158   第二样本阅览室/ [索取号:F21/x76=12] 在馆    
2 12416   300124167   第四借阅区/ [索取号:F21/x76=12] 在馆    
3 12417   300124176   第四借阅区/ [索取号:F21/x76=12] 在馆    
4 12418   300124185   第四借阅区/ [索取号:F21/x76=12] 在馆    
唐山师范学院图书馆 欢迎您!
大连网信软件有限公司© 版权所有